| 000 | 01000cam a2200181 4500 | ||
|---|---|---|---|
| 001 | X110862 | ||
| 008 | 000000n2000 000 0 eng u | ||
| 035 | _a(Sirsi) u110862 | ||
| 245 | _aMortgage: sale of property | ||
| 260 | _c2000 | ||
| 490 |
_aEstates Gazette Case Summaries _v[2000] EGCS 151 (16/12/2000) |
||
| 520 | _a"Bank of Ireland Home Mortgages Ltd v Bell and another", CA 4 December 2000. Bank offering mortgage to husband and wife - Wife's signature forged on mortgage form - Bank advancing money and registering charge - Arrears - Bank seeing order for possession - Wife claiming no knowledge of charge - Judge finding bank only entitled to equitable charge - Whether bank entitled to order for sale of property - Appeal allowed. TAKEN FROM JOURNAL HEADNOTE. | ||
| 650 | _aBANK OF IRELAND HOME MORTGAGES LTD V BELL AND ANOTHER | ||
| 650 | _aMORTGAGES | ||
| 650 | _aTRUSTS OF LAND AND APPOINTMENT OF TRUSTEES ACT 1996 | ||
| 690 | _aHOUSING-HOUSING FINANCE-CASE LAW | ||
| 942 | _n0 | ||
| 999 |
_c66090 _d66090 |
||